00328nam a22001217a 4500082001300000100001100013245004000024260001800064300000800082942000700090999001700097952009200114 a670.3STI aStier  aEncycclopedia of world Archicture  aLondon c1983 a416 cBK c13755d13755 00104070aSLCEbSLCEd2015-08-17g279.00l0o670.3STIp10851r2015-08-17 00:00:00yBK